000 00587cam a2200193 4500
001 D2615
008 090401t1974 xxu||||| |||| 00| 0 eng d
035 _a(Sirsi) u69921
041 _aeng
050 _a333.00954
110 _aCommonwealth Association of Surveying and Land Economy
_92570
245 _aReport of the proceedings of a symposium on surveying and land economy in India, held at Vijyan Bhawan, New Delhi on 25-28 Sept
260 _aLondon
_bCASLE
_c1974
300 _a30p. 30cm
350 _a0
520 _aShelved at P333.00954
942 _n0
948 _c04/03/1997
999 _c95253
_d95253